000 01234cam a22001934a 4500
005 20250605164008.0
008 250528s ||||||||||||||||||||||||d
035 _a15875
020 _a849335922
040 _aGR-AtMCL
_bgre
_dGR-AtMCL
_eAACR2
245 1 _aEffective Software Maintenance and Evolution / A Reuse-Based Approach
260 _bAuerbach Publishers Incorporated,
_c2007
300 _a400
520 _aThis book gives a rare and fascinating sketch of techniques for maintenance and evolution of successful software. Foreword, Acknowledgements, Introduction, Conventional Methods of Software Maintenance and Evolution, Static Program Analysis Methods, Reverse engineering Methods, Model Based Design for Ease of Maintenance, Evolution of Versions and Configuration Management, Limits of Conventional Techniques, Reuse-Based Software Maintenance and Evolution, Step-by-Step Introduction to XVCL, Software Similarities: Symptoms and Causes, Evolution with the Mixed-Strategy Approach, Scaling Up the Mixed-Strategy Approach, Other Techniques Related to XVCL, Evaluation of the Mixed -Strategy Approach, Conclusions, Index.
700 1 _aJarzabek Stanislaw
_91896
942 _cBK
999 _c1423
_d1423